000 00389nam a2200133Ia 4500
008 151001s9999||||xx |||||||||||||| ||und||
100 _aजगन्नाथ प्रसाद मिश्र
245 _aमदन मोहन मालवीय
250 _a1
260 _bजवाहरलाला नेहरू
260 _c1987
300 _a97
365 _b24
999 _c966808
_d966805